[Event "LUX-ch U18"]
[Site "Bonnevoie"]
[Date "2000.02.26"]
[Round "1"]
[White "Jeitz, Christian"]
[Black "Chaussy, Jhang"]
[Result "1-0"]
[WhiteElo "1834"]
[BlackElo "1350"]
[PlyCount "41"]
[EventDate "2000.02.26"]
[EventType "swiss"]
[EventRounds "7"]
[EventCountry "LUX"]
[SourceTitle "EXT 2005"]
[Source "ChessBase"]
[SourceDate "2004.11.15"]
[SourceVersion "1"]
[SourceVersionDate "2004.11.15"]
[SourceQuality "1"]

1. e4 b6 2. d4 Nc6 3. Nf3 e5 4. dxe5 f6 5. exf6 gxf6 6. Nc3 Nge7 7. Be3 d6 8. Nd4 Rg8 9. Nxc6 Nxc6 10. Qd5 Bb7 11. Qxg8 Qe7 12. Qg4 a5 13. Nd5 Qg7 14. Qxg7 Bxg7 15. Nxc7+ Kd8 16. Nxa8 Bxa8 17. Bxb6+ Kc8 18. 0-0-0 Kb7 19. Be3 Kc8 20. Rxd6 Kc7 21. Rd2 1-0